[Event "C.to Regionale Lazio"]
[Site "Roma ITA"]
[Date "1998.??.??"]
[Round "4"]
[White "De Carolis, Massimo"]
[Black "Tribuiani, Renato"]
[Result "0-1"]
[WhiteElo "1705"]
[BlackElo "2115"]
[PlyCount "80"]
[EventDate "1998.??.??"]

1. d4 d5 2. Nf3 c6 3. c3 Nf6 4. Bg5 Nbd7 5. e3 h6 6. Bxf6 gxf6 7. Nbd2 f5 8.
Ne5 Nxe5 9. dxe5 h5 10. f4 Qb6 11. Kf2 Qxb2 12. Qc1 Qxc1 13. Rxc1 b5 14. Nf3 a6
15. Bd3 e6 16. Rb1 Bd7 17. Bc2 Be7 18. a4 Kd8 19. h4 Kc7 20. Ng5 f6 21. Nf3
fxe5 22. Nxe5 Bf6 23. a5 Be8 24. Rb3 Kd6 25. Nf3 c5 26. Rd1 Kc6 27. Rc1 Rb8 28.
Bd1 Rh7 29. c4 Rhb7 30. cxd5+ exd5 31. Nd4+ Bxd4 32. exd4 c4 33. Re3 Kd6 34.
Bc2 Bd7 35. Rg3 Re8 36. Rg5 b4 37. Rxh5 b3 38. Rxf5 Bxf5 39. Bxf5 Rf8 40. Bb1
Rxf4+ 0-1

[Event "C.to Regionale Lazio"]
[Site "Roma ITA"]
[Date "1998.??.??"]
[Round "4"]
[White "Ferri, Stefano"]
[Black "Gardon, Ermanno"]
[Result "1-0"]
[WhiteElo "1930"]
[BlackElo "1818"]
[PlyCount "123"]
[EventDate "1998.??.??"]

1. d4 Nf6 2. c4 c5 3. d5 b5 4. cxb5 a6 5. bxa6 Bxa6 6. Nc3 d6 7. g3 g6 8. Bg2
Bg7 9. Nf3 Nbd7 10. O-O Nb6 11. Re1 O-O 12. e4 Nfd7 13. Rb1 Nc4 14. Bf1 Qa5 15.
Bxc4 Bxc4 16. Bd2 Bd3 17. Rc1 Rfb8 18. b3 Qa6 19. Bf4 c4 20. e5 cxb3 21. axb3
Nc5 22. Nd4 dxe5 23. Bxe5 Bxe5 24. Rxe5 Qd6 25. Re3 e5 26. Nc6 Rxb3 27. Rxd3
Nxd3 28. Qxd3 Qa3 29. Qd2 Rb2 30. Qe1 f6 31. Qd1 Rb3 32. Nb1 Qb2 33. d6 Ra2 34.
Qd5+ Kg7 35. Rf1 Qc2 36. Qd1 Rd3 37. Qxc2 Rxc2 38. Nb4 Rcd2 39. Nxd3 Rxd3 40.
Rc1 Rxd6 41. Kf1 h6 42. Rc7+ Kg8 43. Ke2 f5 44. Nd2 Ra6 45. f3 Ra2 46. Re7 e4
47. fxe4 fxe4 48. Ke3 Kf8 49. Rd7 Ra5 50. Kxe4 Rh5 51. Nf3 Rf5 52. Nh4 Rg5 53.
Rd5 Rg4+ 54. Kf3 Ra4 55. Nxg6+ Kg7 56. Nf4 Kf6 57. Kg4 Ra2 58. h4 Ra3 59. Rd3
Ra4 60. Kh5 Ra8 61. Rd6+ Kg7 62. Rg6+ 1-0

[Event "C.to Regionale Lazio"]
[Site "Roma ITA"]
[Date "1998.??.??"]
[Round "4"]
[White "Marta, Daniele"]
[Black "Tinari, Marco"]
[Result "1-0"]
[WhiteElo "1888"]
[BlackElo "1860"]
[PlyCount "93"]
[EventDate "1998.??.??"]

1. e4 d6 2. d4 g6 3. Nf3 Bg7 4. c4 Nf6 5. Nc3 a6 6. Be2 O-O 7. O-O Nc6 8. h3 e5
9. d5 Ne7 10. Be3 Nd7 11. Nd2 f5 12. f3 f4 13. Bf2 Nf6 14. c5 dxc5 15. Bxc5 b6
16. Bf2 Nh5 17. Qb3 Kh8 18. Nc4 b5 19. Na5 Qd6 20. a4 Qf6 21. axb5 Qg5 22. Kh2
Ng3 23. Rfc1 Nxe2 24. Nxe2 axb5 25. Rxc7 Ng8 26. Qb4 Re8 27. Rac1 Qh5 28. Ng1
g5 29. Nb7 g4 30. fxg4 Bxg4 31. Nd6 Rf8 32. Qb3 b4 33. Qd3 Bh6 34. Nf3 Bxf3 35.
Qxf3 Qg6 36. Nf5 Rxf5 37. exf5 Qxf5 38. Re1 Nf6 39. Bh4 Nh5 40. Qe4 Qxe4 41.
Rxe4 Bg7 42. Rxb4 f3 43. gxf3 Nf4 44. d6 Nd5 45. Rbb7 Nxc7 46. dxc7 Rc8 47. Rb8
1-0

[Event "C.to Regionale Lazio"]
[Site "Roma ITA"]
[Date "1998.??.??"]
[Round "4"]
[White "Piancatelli, Marco"]
[Black "Ciotoli, Patrizio"]
[Result "1/2-1/2"]
[WhiteElo "1822"]
[BlackElo "1914"]
[PlyCount "50"]
[EventDate "1998.??.??"]

1. e4 d5 2. exd5 Qxd5 3. Nc3 Qa5 4. d4 Nf6 5. Nf3 c6 6. h3 Bf5 7. Bd3 e6 8. O-O
Bd6 9. Re1 Bxd3 10. Qxd3 Nbd7 11. Ne4 Nxe4 12. Qxe4 Nf6 13. Qe2 O-O 14. c3 h6
15. Ne5 c5 16. Nc4 Qc7 17. Nxd6 Qxd6 18. dxc5 Qxc5 19. Be3 Qe7 20. Qf3 Rfd8 21.
Rad1 b6 22. Bd4 Ne8 23. Qg4 Nf6 24. Qf3 Ne8 25. Qg4 Nf6 1/2-1/2

[Event "C.to Regionale Lazio"]
[Site "Roma ITA"]
[Date "1998.??.??"]
[Round "4"]
[White "Russi, Roberto"]
[Black "Verrascina, Nicola"]
[Result "0-1"]
[WhiteElo "1780"]
[BlackElo "2145"]
[PlyCount "80"]
[EventDate "1998.??.??"]

1. c4 e5 2. Nc3 f5 3. d4 exd4 4. Qxd4 Nc6 5. Qe3+ Qe7 6. Nd5 Qxe3 7. Bxe3 Bb4+
8. Bd2 Bxd2+ 9. Kxd2 Kd8 10. Nf3 h6 11. h4 Nge7 12. e3 d6 13. Rc1 Be6 14. Nf4
Bf7 15. h5 Ne5 16. Nd4 Kd7 17. f3 c5 18. Nb5 a6 19. Na3 N7c6 20. Nb1 b5 21.
cxb5 axb5 22. Bxb5 Rxa2 23. Rc2 Ra5 24. Na3 Rb8 25. Bxc6+ Kxc6 26. Rhc1 Rb3 27.
Nb1 Ra2 28. Ne2 Rd3+ 29. Ke1 Rxe3 30. Kf2 Rd3 31. Nd2 Kd7 32. Rh1 Bb3 33. Nxb3
Rxb3 34. Rb1 Raxb2 35. Rbxb2 Rxb2 36. Rxb2 Nd3+ 37. Ke3 Nxb2 38. Kf4 Ke6 39.
Nc1 c4 40. g4 Nd3+ 0-1

[Event "C.to Regionale Lazio"]
[Site "Roma ITA"]
[Date "1998.??.??"]
[Round "4"]
[White "Scacco, Mauro"]
[Black "Pezzaldi, Roberto"]
[Result "0-1"]
[WhiteElo "2050"]
[BlackElo "2095"]
[PlyCount "74"]
[EventDate "1998.??.??"]

1. d4 e6 2. c4 f5 3. g3 Nf6 4. Bg2 Be7 5. Nc3 d5 6. Nh3 O-O 7. Qb3 c6 8. O-O
Qe8 9. cxd5 exd5 10. Bf4 Kh8 11. Rad1 Nbd7 12. f3 Qh5 13. e4 fxe4 14. fxe4 Nc5
15. dxc5 Bxh3 16. Bd6 Bxd6 17. cxd6 Ng4 18. Bxh3 Qxh3 19. Qc2 Rxf1+ 20. Rxf1
Ne3 21. Qf2 Nxf1 22. Qxf1 Qe6 23. Qf4 Kg8 24. e5 Rf8 25. Qd4 Qf5 26. Qf4 Qd3
27. d7 Rxf4 28. gxf4 Qd4+ 29. Kg2 Qb6 30. e6 Kf8 31. Na4 Qc7 32. Nc5 Ke7 33. f5
b6 34. Na6 Qf4 35. b4 Qe4+ 36. Kg3 Qd3+ 37. Kf4 Qxa6 0-1

[Event "C.to Regionale Lazio"]
[Site "Roma ITA"]
[Date "1998.??.??"]
[Round "4"]
[White "Simeoni, Matteo"]
[Black "De Luca, Stefano"]
[Result "1-0"]
[WhiteElo "2035"]
[BlackElo "1600"]
[PlyCount "117"]
[EventDate "1998.??.??"]

1. e4 Nf6 2. Nc3 d6 3. d4 g6 4. Nf3 c6 5. a4 a5 6. h3 Bg7 7. Be2 Qc7 8. O-O O-O
9. Be3 Na6 10. Qc1 Nd7 11. Rd1 Nb4 12. Ne1 e5 13. d5 c5 14. Nb5 Qb8 15. c3 Na6
16. Nc2 f5 17. exf5 gxf5 18. Bh6 f4 19. Bxg7 Kxg7 20. Nca3 Rf6 21. Bd3 Nc7 22.
Qc2 Nxb5 23. Nxb5 Nf8 24. g4 h6 25. f3 Bd7 26. Kh2 Ng6 27. Rg1 Nh4 28. Qf2 Ng6
29. g5 hxg5 30. Rxg5 Qh8 31. h4 Kf7 32. Bxg6+ Rxg6 33. Rxg6 Kxg6 34. Rg1+ Kf6
35. Nxd6 b6 36. Nc4 Rg8 37. Rxg8 Qxg8 38. Nxb6 Be8 39. Qg2 Qh7 40. Qg5+ Kf7 41.
d6 Kf8 42. Qf6+ Kg8 43. Qe6+ Bf7 44. Qg4+ Kh8 45. d7 Qc2+ 46. Qg2 Qd1 47. Qg1
Qd2+ 48. Kh1 Qd3 49. Kh2 Be6 50. Qe1 e4 51. Qxe4 Qd2+ 52. Kg1 Bh3 53. Qe5+ Kh7
54. Qe7+ Kh6 55. Qg5+ Kh7 56. d8=Q Qe1+ 57. Kh2 Qf2+ 58. Kxh3 Qxf3+ 59. Kh2 1-0

[Event "C.to Regionale Lazio"]
[Site "Roma ITA"]
[Date "1998.??.??"]
[Round "5"]
[White "Ciotoli, Patrizio"]
[Black "Simeoni, Matteo"]
[Result "0-1"]
[WhiteElo "1914"]
[BlackElo "2035"]
[PlyCount "122"]
[EventDate "1998.??.??"]

1. e4 c5 2. Nc3 Nc6 3. f4 g6 4. Nf3 Bg7 5. Bc4 e6 6. f5 gxf5 7. d3 Nge7 8. O-O
d5 9. exd5 exd5 10. Bb3 Be6 11. Bf4 a6 12. a3 b5 13. Re1 Qd7 14. Ne5 Nxe5 15.
Bxe5 Bxe5 16. Rxe5 O-O-O 17. Qf3 Ng6 18. Ree1 Rhg8 19. Qf2 Qd6 20. Ne2 f4 21.
c4 d4 22. Rf1 bxc4 23. Bxc4 Bxc4 24. dxc4 Qc6 25. g3 fxg3 26. Qf5+ Rd7 27. Nxg3
Nh4 28. Qc2 d3 29. Qd2 f5 30. Rf4 Nf3+ 31. Rxf3 Qxf3 32. Rf1 Rxg3+ 33. hxg3
Qxg3+ 34. Qg2 Qxg2+ 35. Kxg2 d2 36. Rd1 Rd4 37. Kf3 Kd7 38. Ke3 f4+ 39. Kf3 Ke6
40. b4 cxb4 41. axb4 Ke5 42. b5 axb5 43. cxb5 h5 44. b6 Kd6 45. Ke2 Kc6 46. b7
Kxb7 47. Rb1+ Kc6 48. Kd1 Kd5 49. Rb5+ Ke4 50. Rxh5 Ke3 51. Re5+ Re4 52. Rd5
Rd4 53. Re5+ Kd3 54. Re2 f3 55. Re8 f2 56. Rf8 Re4 57. Rd8+ Ke3 58. Rf8 Rf4 59.
Re8+ Kf3 60. Kxd2 f1=Q 61. Re3+ Kg4 0-1

[Event "C.to Regionale Lazio"]
[Site "Roma ITA"]
[Date "1998.??.??"]
[Round "5"]
[White "Pezzaldi, Roberto"]
[Black "Gardon, Ermanno"]
[Result "1-0"]
[WhiteElo "2095"]
[BlackElo "1818"]
[PlyCount "65"]
[EventDate "1998.??.??"]

1. c4 b6 2. Nf3 Bb7 3. g3 e6 4. Bg2 f5 5. O-O Nf6 6. d4 Be7 7. Nc3 O-O 8. d5
Bd6 9. Nd4 Qe7 10. Ncb5 a6 11. Nxd6 cxd6 12. Qb3 b5 13. cxb5 Bxd5 14. Bxd5 Nxd5
15. Bd2 Qf7 16. Rac1 g6 17. b6 e5 18. Nf3 Kg7 19. Rfd1 Nc6 20. Bg5 Nf6 21.
Qxf7+ Rxf7 22. Rxd6 Ne4 23. Rd3 Rb8 24. Be3 Nf6 25. Rxc6 e4 26. Rxf6 Kxf6 27.
Rd6+ Ke7 28. Ng5 Kxd6 29. Nxf7+ Ke7 30. Ne5 Ke6 31. Nc4 Kd5 32. Na5 g5 33. b7
1-0

[Event "C.to Regionale Lazio"]
[Site "Roma ITA"]
[Date "1998.??.??"]
[Round "5"]
[White "Piancatelli, Marco"]
[Black "Ferri, Stefano"]
[Result "1-0"]
[WhiteElo "1822"]
[BlackElo "1930"]
[PlyCount "81"]
[EventDate "1998.??.??"]

1. e4 c5 2. Nf3 Nf6 3. Nc3 e6 4. d4 cxd4 5. Nxd4 Bb4 6. Bd3 e5 7. Nde2 d5 8.
O-O d4 9. Nb1 O-O 10. a3 Ba5 11. Nd2 Bg4 12. Nc4 Bc7 13. f4 Nc6 14. fxe5 Nxe5
15. Nxe5 Bxe5 16. Bf4 Qd6 17. Qd2 Rfe8 18. Rae1 g5 19. Bxe5 Qxe5 20. Ng3 h6 21.
Nf5 Kh7 22. Ng3 Re6 23. Rf2 Rf8 24. Ref1 Kg7 25. Nf5+ Kh7 26. Qb4 Rd8 27. Qxb7
Rd7 28. Qc8 Re8 29. Qc4 Bh5 30. Ng3 Ng4 31. Rf5 Qb8 32. Rxf7+ Bxf7 33. Rxf7+
Rxf7 34. Qxf7+ Kh8 35. e5 Nf6 36. Qxf6+ Kg8 37. Qg6+ Kf8 38. Qf6+ Kg8 39. Bc4+
Kh7 40. Qf7+ Kh8 41. Bd3 1-0

[Event "C.to Regionale Lazio"]
[Site "Roma ITA"]
[Date "1998.??.??"]
[Round "5"]
[White "Russi, Roberto"]
[Black "Lavieri, Doriano"]
[Result "1/2-1/2"]
[WhiteElo "1780"]
[BlackElo "1903"]
[PlyCount "27"]
[EventDate "1998.??.??"]

1. c4 c5 2. Nf3 Nf6 3. Nc3 e6 4. d4 cxd4 5. Nxd4 Nc6 6. Ndb5 d6 7. Bf4 e5 8.
Bg5 a6 9. Na3 Be7 10. g3 Qb6 11. Bxf6 Qxb2 12. Nd5 Qxa3 13. Bxg7 Rg8 14. Bh6
1/2-1/2

[Event "C.to Regionale Lazio"]
[Site "Roma ITA"]
[Date "1998.??.??"]
[Round "5"]
[White "Tinari, Marco"]
[Black "Scacco, Mauro"]
[Result "1-0"]
[WhiteElo "1860"]
[BlackElo "2050"]
[PlyCount "51"]
[EventDate "1998.??.??"]

1. c4 Nf6 2. Nc3 e6 3. g3 d5 4. cxd5 exd5 5. Bg2 c6 6. Nf3 Bd6 7. O-O O-O 8. d3
Re8 9. Re1 Bg4 10. h3 Bh5 11. Qc2 Nbd7 12. e4 Bxf3 13. Bxf3 Ne5 14. Bg2 Bb4 15.
d4 Ned7 16. e5 c5 17. dxc5 d4 18. a3 Nxe5 19. Bf4 dxc3 20. axb4 Nd3 21. Rxe8+
Qxe8 22. Qxd3 cxb2 23. Rb1 Rd8 24. Qc2 Nd5 25. Qxb2 h6 26. Bd6 1-0

[Event "C.to Regionale Lazio"]
[Site "Roma ITA"]
[Date "1998.??.??"]
[Round "5"]
[White "Tribuiani, Renato"]
[Black "Marta, Daniele"]
[Result "1/2-1/2"]
[WhiteElo "2115"]
[BlackElo "1888"]
[PlyCount "110"]
[EventDate "1998.??.??"]

1. Nc3 d5 2. d4 e6 3. Bf4 Nf6 4. e3 Be7 5. Nf3 O-O 6. h3 c5 7. Be2 b6 8. O-O
Bb7 9. Nb5 Na6 10. c3 Ne4 11. Qa4 f6 12. Qc2 Qd7 13. Rfe1 Bc6 14. Na3 Qb7 15.
Nb1 Be8 16. Nbd2 g5 17. Bh2 Bg6 18. Qa4 Nc7 19. Qd7 Bd8 20. Bxc7 Qxc7 21. Qxe6+
Qf7 22. Qxf7+ Bxf7 23. Nxe4 dxe4 24. Nd2 f5 25. Bc4 Bf6 26. Red1 Rac8 27. Bxf7+
Kxf7 28. dxc5 Rxc5 29. Nb3 Rc7 30. Rd5 Ke6 31. Rad1 Be5 32. Rd8 Rff7 33. Re8+
Rfe7 34. Rxe7+ Kxe7 35. Kf1 Rd7 36. Rxd7+ Kxd7 37. Nd4 f4 38. Ke2 a6 39. Kd2
Kd6 40. Kc2 Kd5 41. Kb3 h5 42. Kc2 fxe3 43. fxe3 g4 44. hxg4 hxg4 45. Kb3 Bg3
46. Nc2 Bf2 47. c4+ Kc5 48. Kc3 a5 49. a3 a4 50. b4+ axb3 51. Kxb3 Bg1 52. Kc3
Bf2 53. a4 Bg1 54. Kb3 Bf2 55. Kc3 Bg1 1/2-1/2

[Event "C.to Regionale Lazio"]
[Site "Roma ITA"]
[Date "1998.??.??"]
[Round "5"]
[White "Verrascina, Nicola"]
[Black "De Carolis, Massimo"]
[Result "0-1"]
[WhiteElo "2145"]
[BlackElo "1705"]
[PlyCount "114"]
[EventDate "1998.??.??"]

1. e4 d6 2. d4 Nf6 3. Nc3 c6 4. f4 Qb6 5. Nf3 Bg4 6. Be2 Nbd7 7. Be3 Bxf3 8.
Bxf3 Qxb2 9. Na4 Qa3 10. c3 b5 11. e5 Nd5 12. Bxd5 cxd5 13. O-O Qxa4 14. Qf3
Nb6 15. Rab1 a6 16. Rb4 Qc2 17. a4 e6 18. axb5 a5 19. Rbb1 Be7 20. Rfc1 Qd3 21.
Rd1 Qc4 22. Qg3 g6 23. f5 Kd7 24. f6 Bf8 25. Kh1 h5 26. Bc1 h4 27. Qh3 dxe5 28.
dxe5 Qe2 29. Be3 Kc7 30. Bd4 a4 31. Re1 Qc4 32. Qe3 Rb8 33. Rec1 Bh6 34. Qe1
Bxc1 35. Qxc1 h3 36. Qa3 hxg2+ 37. Kg1 Nc8 38. b6+ Kb7 39. Bf2 Ra8 40. Rd1 Ra5
41. Rb1 Rb5 42. Ra1 Qe4 43. Re1 Rb1 44. Rxb1 Qxb1+ 45. Kxg2 Qe4+ 46. Kg1 Qg4+
47. Bg3 Qd1+ 48. Kg2 Qb3 49. Qc5 Qc4 50. Qa3 g5 51. Qc1 Rg8 52. Kg1 Qb3 53. c4
Qxc4 54. Qb1 Rh8 55. Qd1 a3 56. Qa1 a2 57. Qb2 Qa4 0-1

[Event "C.to Regionale Lazio"]
[Site "Roma ITA"]
[Date "1998.??.??"]
[Round "6"]
[White "De Carolis, Massimo"]
[Black "Tinari, Marco"]
[Result "1-0"]
[WhiteElo "1705"]
[BlackElo "1860"]
[PlyCount "67"]
[EventDate "1998.??.??"]

1. d4 f5 2. Nf3 Nf6 3. e3 e6 4. Bd3 Be7 5. O-O O-O 6. b3 d6 7. Bb2 Qe8 8. Nbd2
Qh5 9. Re1 d5 10. c4 Ne4 11. Qc2 c6 12. Be2 Qh6 13. a4 Nd7 14. Ba3 Bxa3 15.
Rxa3 Ndf6 16. b4 Ng4 17. Rf1 Bd7 18. b5 Be8 19. bxc6 bxc6 20. h3 Ngf6 21. Ne5
Nxd2 22. Qxd2 Ne4 23. Qa5 Bh5 24. Bxh5 Qxh5 25. cxd5 cxd5 26. Rb3 Rac8 27. Rb7
Nd6 28. Rd7 Nc4 29. Qxa7 Qg5 30. Re7 Ra8 31. Qd7 Nxe5 32. dxe5 h6 33. Rc1 Rxa4
34. Rc7 1-0

[Event "C.to Regionale Lazio"]
[Site "Roma ITA"]
[Date "1998.??.??"]
[Round "6"]
[White "Gardon, Ermanno"]
[Black "Lavieri, Doriano"]
[Result "0-1"]
[WhiteElo "1818"]
[BlackElo "1903"]
[PlyCount "45"]
[EventDate "1998.??.??"]

1. e4 c6 2. d4 d5 3. e5 Bf5 4. Nf3 e6 5. a3 c5 6. c4 dxc4 7. Bxc4 Ne7 8. Nc3
cxd4 9. Nxd4 a6 10. Qb3 Qxd4 11. Be3 Qd7 12. Rd1 Qc8 13. Na4 Nd7 14. Nb6 Nxb6
15. Bxb6 Nc6 16. Qg3 g6 17. h4 h5 18. b4 Bg7 19. f4 O-O 20. O-O Nxe5 21. fxe5
Qxc4 22. Rd4 Qc6 23. Rd6 0-1

[Event "C.to Regionale Lazio"]
[Site "Roma ITA"]
[Date "1998.??.??"]
[Round "6"]
[White "Marta, Daniele"]
[Black "Piancatelli, Marco"]
[Result "1-0"]
[WhiteElo "1888"]
[BlackElo "1822"]
[PlyCount "105"]
[EventDate "1998.??.??"]

1. d4 Nf6 2. c4 g6 3. Nc3 d5 4. cxd5 Nxd5 5. e4 Nxc3 6. bxc3 Bg7 7. Bc4 O-O 8.
Be3 c5 9. Ne2 Nc6 10. O-O Bg4 11. f3 Na5 12. Bxf7+ Rxf7 13. fxg4 Rxf1+ 14. Kxf1
Qd7 15. h3 Qe6 16. Qd3 Qc4 17. Qxc4+ Nxc4 18. Bg5 cxd4 19. Nxd4 Kf7 20. Ke2
Bxd4 21. cxd4 b5 22. Kd3 Rc8 23. d5 Nb2+ 24. Kd2 Nc4+ 25. Ke2 Ne5 26. Rc1 Rxc1
27. Bxc1 e6 28. Ke3 exd5 29. Kd4 Nc4 30. Kxd5 Ke7 31. Bf4 a6 32. Kc5 Ke6 33. a4
Nb2 34. axb5 axb5 35. Kxb5 Nd3 36. Bg3 Nc1 37. Kc4 Ne2 38. Bb8 Nc1 39. Kd4 Nb3+
40. Ke3 Nc5 41. h4 Na6 42. Bf4 Nc5 43. Bh6 Ke5 44. Bg7+ Ke6 45. Kf4 Nd3+ 46.
Ke3 Nc5 47. Bc3 Na4 48. Bd4 Kd6 49. Kf4 h6 50. h5 gxh5 51. gxh5 Ke6 52. g4 Kf7
53. Kf5 1-0

[Event "C.to Regionale Lazio"]
[Site "Roma ITA"]
[Date "1998.??.??"]
[Round "6"]
[White "Pezzaldi, Roberto"]
[Black "Tribuiani, Renato"]
[Result "0-1"]
[WhiteElo "2095"]
[BlackElo "2115"]
[PlyCount "64"]
[EventDate "1998.??.??"]

1. c4 c5 2. Nc3 Nf6 3. Nf3 b6 4. g3 Bb7 5. Bg2 e6 6. O-O Be7 7. d4 cxd4 8. Nxd4
Bxg2 9. Kxg2 Qc7 10. Bf4 Qxc4 11. Ncb5 Na6 12. f3 O-O 13. Rc1 Qd5 14. e4 Qb7
15. Bd6 Bxd6 16. Nxd6 Qb8 17. N4b5 Nc5 18. b4 a6 19. Na3 Nb7 20. Ndc4 Nd8 21.
Rf2 b5 22. Nd6 Nb7 23. Rd2 Nxd6 24. Rxd6 Rc8 25. e5 Nd5 26. Rxc8+ Qxc8 27. Qd4
Qc1 28. Qd3 Qb2+ 29. Kh3 Qxe5 30. Rxd7 g6 31. Nc2 Rc8 32. Ra7 Qh5+ 0-1

[Event "C.to Regionale Lazio"]
[Site "Roma ITA"]
[Date "1998.??.??"]
[Round "6"]
[White "Simeoni, Matteo"]
[Black "Ferri, Stefano"]
[Result "0-1"]
[WhiteElo "2035"]
[BlackElo "1930"]
[PlyCount "60"]
[EventDate "1998.??.??"]

1. e4 c5 2. Nf3 d6 3. Bb5+ Bd7 4. Bxd7+ Qxd7 5. c4 Nc6 6. d3 g6 7. Be3 Bg7 8.
Qd2 e6 9. O-O Nge7 10. Ne1 Nd4 11. f4 Nec6 12. Nf3 O-O 13. Na3 a6 14. Nh4 f5
15. Kh1 b5 16. g4 fxg4 17. Qg2 Qe7 18. Qxg4 b4 19. Nb1 Nc2 20. Bc1 Nxa1 21. Nd2
Nc2 22. Ndf3 N2d4 23. Ng5 Rf6 24. Qh3 h6 25. Rg1 Ne2 26. Rg2 Nxc1 27. f5 exf5
28. Nxf5 gxf5 29. Nf3 fxe4 30. dxe4 Raf8 0-1

[Event "C.to Regionale Lazio"]
[Site "Roma ITA"]
[Date "1998.??.??"]
[Round "6"]
[White "Verrascina, Nicola"]
[Black "De Luca, Stefano"]
[Result "1-0"]
[WhiteElo "2145"]
[BlackElo "1600"]
[PlyCount "31"]
[EventDate "1998.??.??"]

1. e4 c5 2. d4 cxd4 3. c3 Nf6 4. e5 Nd5 5. Nf3 Nc6 6. cxd4 d6 7. Bc4 Nb6 8. Bb5
Bg4 9. d5 a6 10. Bxc6+ bxc6 11. dxc6 Bxf3 12. Qxf3 dxe5 13. Be3 g6 14. c7 Qd6
15. Bxb6 Qb4+ 16. Nc3 1-0

[Event "Festival INPS"]
[Site "Roma ITA"]
[Date "1998.??.??"]
[Round "1"]
[White "Castellano, Lorenzo"]
[Black "Bellincampi, Stefano"]
[Result "1/2-1/2"]
[WhiteElo "1732"]
[BlackElo "2065"]
[PlyCount "77"]
[EventDate "1998.??.??"]

1. d4 d5 2. Nf3 Nf6 3. Bf4 c5 4. c3 cxd4 5. cxd4 Qb6 6. Qc2 Nc6 7. e3 g6 8. a3
Bf5 9. Bd3 Bxd3 10. Qxd3 Bg7 11. Nbd2 Rc8 12. b4 Nh5 13. Bg3 Nxg3 14. hxg3 a6
15. Rc1 e6 16. Nb3 O-O 17. Ng5 h6 18. Nf3 a5 19. Nc5 Rc7 20. b5 Nb8 21. a4 Qd6
22. Ke2 b6 23. Nb3 Rfc8 24. Rxc7 Rxc7 25. Rc1 Nd7 26. Rc3 Kf8 27. Rxc7 Qxc7 28.
Kd2 Qd6 29. Qc3 Qa3 30. Ne5 Bxe5 31. dxe5 Qa2+ 32. Ke1 Qb1+ 33. Ke2 Qa2+ 34.
Ke1 Nxe5 35. Qxe5 Qxb3 36. Qd6+ Kg7 37. Qxb6 Qb1+ 38. Ke2 Qc2+ 39. Kf3 1/2-1/2

[Event "Festival INPS"]
[Site "Roma ITA"]
[Date "1998.??.??"]
[Round "1"]
[White "Coppini, Giorgio"]
[Black "Cellucci, Alessandro"]
[Result "1/2-1/2"]
[WhiteElo "2195"]
[BlackElo "1870"]
[PlyCount "52"]
[EventDate "1998.??.??"]

1. c4 f5 2. Nf3 Nf6 3. g3 d6 4. Bg2 g6 5. O-O Bg7 6. Nc3 O-O 7. d3 e5 8. Bg5 c6
9. Qd2 a5 10. c5 Na6 11. cxd6 Qxd6 12. Bh6 Be6 13. Bxg7 Kxg7 14. b3 Rad8 15.
Qb2 Rfe8 16. Rfd1 Bg8 17. a3 Kf8 18. Nd2 Qe7 19. Nc4 Bxc4 20. bxc4 Nc5 21. Rab1
Rd7 22. Qc2 Red8 23. Na4 Nxa4 24. Qxa4 Qc5 25. Qb3 Ng4 26. Rf1 Nf6 1/2-1/2

[Event "Festival INPS"]
[Site "Roma ITA"]
[Date "1998.??.??"]
[Round "1"]
[White "Corvi, Marco"]
[Black "Tosoni, Augusto"]
[Result "0-1"]
[WhiteElo "2320"]
[BlackElo "1948"]
[PlyCount "104"]
[EventDate "1998.??.??"]

1. c4 Nf6 2. Nc3 e6 3. e4 d5 4. e5 d4 5. exf6 dxc3 6. bxc3 Qxf6 7. d4 e5 8. Nf3
exd4 9. Bg5 Qe6+ 10. Be2 d3 11. Qxd3 Be7 12. Nd4 Qd7 13. Qe4 f6 14. Bh5+ Kf8
15. Bf4 g5 16. Be3 c5 17. Nb5 a6 18. Rd1 Qc6 19. Qxc6 Nxc6 20. Nd6 Ne5 21. f4
gxf4 22. Bxf4 Bxd6 23. Rxd6 Ke7 24. Bxe5 fxe5 25. Rd5 Be6 26. Rxe5 Kd6 27. Re4
b5 28. O-O Bxc4 29. Rf6+ Kd7 30. a4 Raf8 31. Bg4+ Kc7 32. Rxf8 Rxf8 33. h4 Rf1+
34. Kh2 Kd6 35. axb5 axb5 36. Re8 b4 37. cxb4 cxb4 38. Rd8+ Kc5 39. Rc8+ Kd4
40. Rd8+ Kc3 41. Bd1 Bd3 42. Rc8+ Kd2 43. Bb3 Rc1 44. Rxc1 Kxc1 45. g4 Kd2 46.
Kg3 Bc2 47. Bg8 Ke3 48. g5 b3 49. Bxb3 Bxb3 50. Kg4 Bf7 51. h5 Be6+ 52. Kh4 Kf4
0-1

[Event "Festival INPS"]
[Site "Roma ITA"]
[Date "1998.??.??"]
[Round "1"]
[White "Di Lazzaro, Gabriele"]
[Black "Cattarinich, Benedetto"]
[Result "1-0"]
[WhiteElo "2030"]
[BlackElo "1702"]
[PlyCount "35"]
[EventDate "1998.??.??"]

1. e4 c5 2. c3 g6 3. Nf3 Bg7 4. Bc4 e6 5. d4 cxd4 6. cxd4 d6 7. O-O Ne7 8. Nc3
a6 9. Bg5 O-O 10. Qd2 b5 11. Bb3 Bb7 12. Rfe1 Nd7 13. Qf4 Nb6 14. Qh4 Re8 15.
Nd1 Rc8 16. Ne3 Qd7 17. Ng4 Kh8 18. Nf6 1-0

[Event "Festival INPS"]
[Site "Roma ITA"]
[Date "1998.??.??"]
[Round "1"]
[White "Gardon, Ermanno"]
[Black "De Vita, Gianni"]
[Result "1-0"]
[WhiteElo "1818"]
[BlackElo "2160"]
[PlyCount "47"]
[EventDate "1998.??.??"]

1. e4 c5 2. Nf3 Nc6 3. d4 cxd4 4. Nxd4 e5 5. Nb5 d6 6. c4 Be7 7. N1c3 a6 8. Na3
Nf6 9. Be2 O-O 10. O-O Be6 11. Be3 Rc8 12. Rc1 Qa5 13. f3 Nb4 14. Qd2 Rfd8 15.
Nd5 Bxd5 16. cxd5 Qa4 17. Bd1 Qa5 18. Nc4 Qxa2 19. Qxb4 b5 20. Bb3 Rxc4 21.
Rxc4 Qxb2 22. Rc2 a5 23. Qxb5 Qa3 24. Ra2 1-0

[Event "Festival INPS"]
[Site "Roma ITA"]
[Date "1998.??.??"]
[Round "1"]
[White "Lantini, Marco"]
[Black "Campomori, Bruno"]
[Result "1-0"]
[WhiteElo "2180"]
[BlackElo "1826"]
[PlyCount "48"]
[EventDate "1998.??.??"]

1. e4 e5 2. Nf3 Nc6 3. d4 exd4 4. Nxd4 Bc5 5. Nxc6 Qf6 6. Qd2 dxc6 7. Nc3 a5 8.
Bd3 Ne7 9. O-O Ng6 10. Kh1 O-O 11. f4 Bg4 12. e5 Qe7 13. Ne4 Bb6 14. f5 Nxe5
15. f6 Qd7 16. fxg7 f5 17. gxf8=Q+ Rxf8 18. Qg5+ Kh8 19. Nf6 Qd4 20. Bd2 Nxd3
21. cxd3 Qxf6 22. Qxg4 Qxb2 23. Qe2 f4 24. Rab1 Qg7 1-0

[Event "Festival INPS"]
[Site "Roma ITA"]
[Date "1998.??.??"]
[Round "1"]
[White "Martelli, Andrea"]
[Black "De Vita, Igor"]
[Result "0-1"]
[WhiteElo "1770"]
[BlackElo "2125"]
[PlyCount "58"]
[EventDate "1998.??.??"]

1. Nf3 d6 2. g3 g6 3. Bg2 Bg7 4. O-O Nf6 5. c4 O-O 6. Nc3 e5 7. d4 Nbd7 8. d5
h6 9. e4 Nc5 10. Ne1 a5 11. Nd3 Nfd7 12. Be3 Nxd3 13. Qxd3 f5 14. exf5 gxf5 15.
Qd2 Kh7 16. Rae1 b6 17. f4 exf4 18. Rxf4 Ne5 19. b3 Ng4 20. Bd4 Be5 21. Rff1
Nxh2 22. Kxh2 Qh4+ 23. Kg1 Qxd4+ 24. Qxd4 Bxd4+ 25. Kh2 Bxc3 26. Re7+ Kg6 27.
g4 Be5+ 28. Kh3 fxg4+ 29. Kh4 Rxf1 0-1

[Event "Festival INPS"]
[Site "Roma ITA"]
[Date "1998.??.??"]
[Round "1"]
[White "Montecchi, Ugo"]
[Black "Sibilio, Mario"]
[Result "0-1"]
[WhiteElo "1971"]
[BlackElo "2330"]
[PlyCount "74"]
[EventDate "1998.??.??"]

1. Nf3 g6 2. c4 Bg7 3. g3 Nf6 4. Bg2 O-O 5. Nc3 c6 6. O-O d6 7. d3 d5 8. Bg5 d4
9. Bxf6 exf6 10. Nb1 c5 11. b4 cxb4 12. Nbd2 Nc6 13. c5 Re8 14. a3 bxa3 15.
Rxa3 Bf8 16. Nb3 f5 17. Ra4 Bg7 18. Re1 Be6 19. Nfd2 Bd5 20. Bxd5 Qxd5 21. Qa1
h5 22. h4 f4 23. Nc4 fxg3 24. fxg3 Be5 25. Kf2 Rad8 26. Qa2 Bc7 27. Nbd2 Qxc5
28. Nf3 b5 29. Ng5 Rd7 30. Nd2 bxa4 31. Nde4 Qe7 32. Rf1 Kg7 33. Ke1 f5 34. Nc5
Bxg3+ 35. Kd1 Qxc5 36. Ne6+ Rxe6 37. Qxe6 Re7 0-1

[Event "Festival INPS"]
[Site "Roma ITA"]
[Date "1998.??.??"]
[Round "1"]
[White "Pezzaldi, Roberto"]
[Black "Trebeschi, Andrea"]
[Result "1-0"]
[WhiteElo "2095"]
[BlackElo "1759"]
[PlyCount "99"]
[EventDate "1998.??.??"]

1. c4 Nf6 2. Nf3 d6 3. g3 b6 4. Bg2 Bb7 5. O-O c5 6. Nc3 g6 7. d3 Bg7 8. e4
Nbd7 9. Nh4 O-O 10. e5 Bxg2 11. exf6 Bxf1 12. fxg7 Kxg7 13. Kxf1 e5 14. Qd2 f5
15. Qh6+ Kg8 16. Nd5 Rf7 17. Nf3 Qf8 18. Qh3 Nf6 19. Bh6 Qe8 20. Nxf6+ Rxf6 21.
Ng5 Qd7 22. Qg2 d5 23. Re1 Re8 24. cxd5 Rd6 25. Ne6 Rxd5 26. Nc7 Rxd3 27. Nxe8
Qxe8 28. Qb7 Rd7 29. Rxe5 Rxb7 30. Rxe8+ Kf7 31. Rh8 Ke6 32. Rg8 Kf6 33. h4 b5
34. Ke2 a5 35. Bf4 c4 36. Ra8 a4 37. Rb8 Rxb8 38. Bxb8 Ke6 39. Ke3 Kd5 40. Bf4
b4 41. Kd2 Ke4 42. Bd6 Kf3 43. Bxb4 Kxf2 44. Bd6 h6 45. Bf4 g5 46. hxg5 hxg5
47. Bxg5 Kxg3 48. Kc3 f4 49. Bxf4+ Kxf4 50. Kxc4 1-0